00295nam a2200133Ia 45000030006000000080041000060400015000471000016000622450042000782600006001203000006001265460012001320050017001440STCL150530s9999 xx 000 0 und d aSTCLcSTCL aSharp, J.A. aIntroduction to Animal Tissue Culture c0 a0 aEnglish20220125170438.0